000 00981nam a22002537a 4500
005 20180228135303.0
010 _a1617EN B-652854-872 ENG-115066
020 _a9788129115270
_c295.00
035 _aB-652854-872
035 _aB-667659
035 _aEN-98598
037 _bKKP
_adpl
037 _bDBAD/Author
082 _a954.4
100 _aKarkra,B.K.
245 _aRani Padmini :
_bthe heroine of Chittor /
_cby B.K. Karkra
260 _aNew Delhi
_bRupa Publications
_c2015
270 _a7/16, Ansari Road, Daryaganj
_bNew Delhi
_e110002
300 _a252p.
_c22cm(pbk)
500 _aIncludes bibliographical references
942 _2ddc
_cEN
_h954.4
_mPAD
999 _c99502
_d99502